000 00200 a2200097 4500
020 _a0789911639
041 _aspa
100 _aGary Chapman
245 _aLos cinco lenguajes del lenguaje
942 _cBK
999 _c14358
_d14358